| 000 | 00917nam a22002777a 4500 | ||
|---|---|---|---|
| 001 | 8245 | ||
| 003 | FISKH | ||
| 005 | 20250904154446.0 | ||
| 008 | 250904b cb ||||| |||| 00| 0 eng d | ||
| 040 |
_aFISKH _beng _cFISKH _dFISKH |
||
| 050 | _a PZ8.B425 M | ||
| 082 | _a811 | ||
| 100 | _aBemelmans, Ludwig | ||
| 245 |
_aMadeline in London / _cBy Ludwig Bemelmans |
||
| 260 |
_aNew York : _bViking , _c1961. |
||
| 300 |
_a64 unnumbered pages : _bcolor illustrations ; _c20 cm. |
||
| 490 |
_aMadeline _v5 |
||
| 505 | _aN | ||
| 520 | _aWhen the Ambassador moves to London, the twelve little girls go to visit his son, Madeline has an adventure on a horse, and the horse returns to Paris with the girls. | ||
| 521 | 8 |
_a550
_bLexile estimate |
|
| 521 | 8 |
_aN
_bRaz-Plus |
|
| 650 |
_aRhyming _vChildren's fiction |
||
| 650 |
_aHorses _vChildren's fiction |
||
| 942 |
_2ddc _cBK _n0 |
||
| 999 |
_c8245 _d8245 |
||